Normal view
MARC view
Entry Personal Name
001 - CONTROL NUMBER
- control field: 25430
003 - CONTROL NUMBER IDENTIFIER
- control field: ARRUPE
005 - DATE AND TIME OF LATEST TRANSACTION
- control field: 20160824112249.0
008 - FIXED-LENGTH DATA ELEMENTS
- fixed length control field: 160824|| aca||aabn | a|a d
040 ## - CATALOGING SOURCE
- Original cataloging agency: ARRUPE
- Transcribing agency: ARRUPE
100 ## - HEADING--PERSONAL NAME
- Personal name: Bruner, Jerome S.
- Fuller form of name: (Jerome Seymour)
670 ## - SOURCE DATA FOUND
- Source citation: Work cat.: (ARRUPE)0: Bruner, Jerome S. (Jerome Seymour), Actual minds, possible worlds, 1986.